<?xml version="1.0" encoding="UTF-8"?>
<record
    xmlns:xsi="http://www.w3.org/2001/XMLSchema-instance"
    xsi:schemaLocation="http://www.loc.gov/MARC21/slim http://www.loc.gov/standards/marcxml/schema/MARC21slim.xsd"
    xmlns="http://www.loc.gov/MARC21/slim">

  <leader>01939nam a2200265   4500</leader>
  <controlfield tag="001">113979</controlfield>
  <controlfield tag="003">DR-UNIBE</controlfield>
  <controlfield tag="005">20250730093429.0</controlfield>
  <controlfield tag="008">250730b2006    mx ||||| |||| 00| 0 spa d</controlfield>
  <datafield tag="020" ind1=" " ind2=" ">
    <subfield code="a">9707125578</subfield>
  </datafield>
  <datafield tag="040" ind1=" " ind2=" ">
    <subfield code="a">BIBLIOTECA UNIBE</subfield>
    <subfield code="c">BIBLIOTECA UNIBE</subfield>
    <subfield code="b">spa</subfield>
    <subfield code="e">rda</subfield>
  </datafield>
  <datafield tag="041" ind1=" " ind2=" ">
    <subfield code="a">spa</subfield>
  </datafield>
  <datafield tag="082" ind1=" " ind2=" ">
    <subfield code="2">22</subfield>
    <subfield code="a">923.2 J831j</subfield>
  </datafield>
  <datafield tag="245" ind1=" " ind2=" ">
    <subfield code="a">Jos&#xE9; Mar&#xED;a Iglesias Inz&#xE1;urraga :</subfield>
    <subfield code="b">Pol&#xED;tico republicano y hombre de la judicatura (1823-1891) /</subfield>
  </datafield>
  <datafield tag="250" ind1=" " ind2=" ">
    <subfield code="a">Primera edici&#xF3;n</subfield>
  </datafield>
  <datafield tag="260" ind1=" " ind2=" ">
    <subfield code="a">M&#xE9;xico :</subfield>
    <subfield code="b"> Suprema Corte de Justicia de la Naci&#xF3;n, </subfield>
    <subfield code="c">2006</subfield>
  </datafield>
  <datafield tag="300" ind1=" " ind2=" ">
    <subfield code="a">164 p&#xE1;ginas : </subfield>
    <subfield code="c">11 x 14 cm</subfield>
  </datafield>
  <datafield tag="490" ind1=" " ind2=" ">
    <subfield code="a">Episodios y personajes del Poder Judicial de la Federaci&#xF3;n ; </subfield>
    <subfield code="v">1</subfield>
  </datafield>
  <datafield tag="500" ind1=" " ind2=" ">
    <subfield code="a">Foto de portada: Jos&#xE9; Mar&#xED;a Iglesias, Secretario de Hacienda, 20 julio - 25 diciembre, 1867. Archivo General de la Naci&#xF3;n</subfield>
  </datafield>
  <datafield tag="505" ind1=" " ind2=" ">
    <subfield code="a">Presentaci&#xF3;n |
Introducci&#xF3;n |
I. Los primeros a&#xF1;os |
II. Los estudios profesionales |
III. De la docencia a la vida p&#xFA;blica |
IV-.Periodista y escritor |
V. Funcionario p&#xFA;blico y te&#xF3;rico liberal de la constituci&#xF3;n  |
VI. La guerra de reforma. Ministro de la Suprema Corte por primera vez  |
VII. De la intervenci&#xF3;n francesa a la ca&#xED;da del imperio de Maximiliano de Habsburgo |
VIII. Secretario de hacienda al inicio de la rep&#xFA;blica restaurada |
IX. Diputado del congreso de la uni&#xF3;n |
X. De la secretar&#xED;a de gobernaci&#xF3;n a la justicia |
XI. Durante la administraci&#xF3;n de Benito Ju&#xE1;rez |
XII. Iglesias y la independencia de Poder Judicial |
XIII. Presidente interino de la Rep&#xFA;blica y representante de la legalidad
XIV. El decembrismo y el fin de la legalidad |
XV. Los &#xFA;ltimos d&#xED;as del augusto republicano y la historia |
Bibliograf&#xED;a</subfield>
  </datafield>
  <datafield tag="600" ind1=" " ind2="0">
    <subfield code="2">lemb</subfield>
    <subfield code="a"> Iglesias Inz&#xE1;urraga , Jos&#xE9; Mar&#xED;a, </subfield>
    <subfield code="d">1823-1891</subfield>
    <subfield code="9">198002</subfield>
    <subfield code="x">Biograf&#xED;as</subfield>
  </datafield>
  <datafield tag="650" ind1=" " ind2=" ">
    <subfield code="2">lemb</subfield>
    <subfield code="a">Pol&#xED;ticos mexicanos</subfield>
    <subfield code="x">Biograf&#xED;as</subfield>
    <subfield code="9">198004</subfield>
  </datafield>
  <datafield tag="700" ind1=" " ind2=" ">
    <subfield code="a">Azuela G&#xFC;itr&#xF3;n, Mariano</subfield>
    <subfield code="9">198001</subfield>
    <subfield code="e">presentador</subfield>
  </datafield>
  <datafield tag="942" ind1=" " ind2=" ">
    <subfield code="2">ddc</subfield>
    <subfield code="c">BK</subfield>
  </datafield>
  <datafield tag="999" ind1=" " ind2=" ">
    <subfield code="c">113979</subfield>
    <subfield code="d">113979</subfield>
  </datafield>
  <datafield tag="952" ind1=" " ind2=" ">
    <subfield code="0">0</subfield>
    <subfield code="1">0</subfield>
    <subfield code="2">ddc</subfield>
    <subfield code="7">0</subfield>
    <subfield code="8">GEN</subfield>
    <subfield code="a">Principal</subfield>
    <subfield code="d">2025-06-10</subfield>
    <subfield code="l">0</subfield>
    <subfield code="o">923.2 S929j</subfield>
    <subfield code="p">250928</subfield>
    <subfield code="r">2025-07-30 09:14:11</subfield>
    <subfield code="t">Ej. 1</subfield>
    <subfield code="w">2025-07-30</subfield>
    <subfield code="y">BK</subfield>
  </datafield>
</record>
